Webová aplikácia na zlepšenie študentského života na internátoch

Uložené v:
Podrobná bibliografia
Hlavný autor: Jankanič, Adam (Autor)
Ďalší autori: Kunštár, Vladimír (Vedúci práce)
Médium: Rukopis Kniha
Jazyk:Slovak
Vydavateľské údaje: 2023
Predmet:
On-line prístup:http://is.stuba.sk/zp/portal_zp.pl?podrobnosti=162659
Tagy: Pridať tag
Žiadne tagy, Buďte prvý, kto otaguje tento záznam!

MARC

LEADER 00000ntm a22000003a 4500
001 stuzp92431
003 SK-STU
005 20230909213136.6
007 ta
008 150427s2015----xo-----f-mn---000-0-slo-d
040 |a STU  |b slo 
041 0 |a slo 
100 1 |a Jankanič, Adam  |u 070400  |4 aut  |U FIIT Fakulta informatiky a informačných technológií  |T FIIT Ústav počítačového inžinierstva a aplikovanej informatiky  |X 110807  |U I400  |Y 672  |7 110807 
242 0 1 |a Web application to improve student life in dormitories  |y eng 
245 1 0 |a Webová aplikácia na zlepšenie študentského života na internátoch 
260 |c 2023 
650 4 |a webová aplikácia  |2 slo 
650 4 |a sociálna sieť  |2 slo 
650 4 |a react.js  |2 slo 
650 4 |a social network  |2 eng 
650 4 |a react.js  |2 eng 
650 4 |a web application  |2 eng 
700 1 |a Kunštár, Vladimír  |u 070400  |k Z3  |4 ths  |U FIIT Fakulta informatiky a informačných technológií  |T FIIT Ústav počítačového inžinierstva a aplikovanej informatiky  |X 64527  |U I400  |Y 672  |7 A000064527 
856 4 |u http://is.stuba.sk/zp/portal_zp.pl?podrobnosti=162659